| 000 | 00563nam a22001697a 4500 | ||
|---|---|---|---|
| 003 | CEME | ||
| 005 | 20210628202637.0 | ||
| 008 | 210203b xxu||||| |||| 00| 0 eng d | ||
| 040 | _c. | ||
| 082 | _a620.195 ENG | ||
| 100 |
_aBartnikas.R Eichhorn,R.M _960872 |
||
| 245 | _aEngineering dielectrics, electrical properties of solid insulting materials,molecular structure and electrical behavior | ||
| 260 |
_aNEW YORK _bASTM _c1983 |
||
| 300 | _a721P | ||
| 650 |
_aELECTRICAL PROPERTIES.MATERIALS MOLECULAR STRUCTURE.ELECTRICAL BEHAVIOR _960873 |
||
| 942 |
_cBK _2ddc |
||
| 999 |
_c570490 _d570490 |
||